Histoire: en quelle année ça s'est passé? - Statistiques

Statistiques générales
  • Ce quiz a été pris 1 096 fois
  • Le résultat moyen est 8 sur 20
Statistiques - réponses
Hint Réponse % Correct
Fin de la Première Guerre Mondiale 1918
100%
Début de la Première Guerre Mondiale 1914
97%
Chute du mur de Berlin 1989
94%
Attentats du 11 septembre 2001
94%
L'Allemagne d'Hitler envahit la Pologne 1939
91%
Fin de la Deuxième Guerre Mondiale 1945
91%
Bombes atomiques larguées à Hiroshima et Nagasaki par les U.S.A 1945
91%
Découverte de l'Amérique par Christophe Colomb 1492
90%
Débarquement en Normandie 1944
88%
Attentas sur Paris, notamment au Bataclan 2015
88%
Attaque de Pearl Harbor par les japonnais 1941
87%
Dissolution de l'URSS 1991
87%
Barack Obama devient le premier président afro-américain des U.S.A 2008
87%
Prise de la Bastille 1789
86%
Hitler devient chancelier d'Allemagne 1933
86%
L'Homme marche sur la Lune (Neil Armstrong) 1969
85%
Bataille de Verdun 1916
84%
Naufrage du Titanic 1912
81%
Crise des missiles à Cuba 1962
81%
Passage à l'Euro en Europe 2002
81%
Oussama Ben Laden est abbatu 2011
81%
Assassinat de l'archiduc François-Ferdinand 1914
80%
Signature du Traité de Versailles 1919
78%
Mussolini prend le pouvoir en Italie 1922
76%
Fin de la Bataille de Stalingrad 1943
75%
Assassinat de Kennedy 1963
74%
Réunification de l'Allemagne 1990
73%
Lénine fonde l'URSS 1922
71%
Charlemagne est couronné empereur de Rome 800
71%
Inauguration de la Tour Eiffel 1889
70%
Mort de Louis XIV 1715
69%
Génocide arménien 1915
69%
Franco prend le pouvoir en Espagne 1936
68%
Élizabeth II est couronnée 1953
68%
Manifestations estudiantines en France 1968
68%
Bataille de Waterloo 1815
67%
Fin de la Guerre du Viêt Nam 1975
67%
Signature de la Déclaration d'Indépendance aux U.S.A 1776
65%
Éxécution du tsar Nicolas II et de sa famille par les bolchéviks 1918
63%
Début de la Guerre Franco-allemande 1870
61%
Catastrophe de la centrale de Fukushima suite à une séisme et à un tsunami 2011
60%
Catastrophe nucléaire de Tchernobyl 1986
59%
La chienne Laïka est envoyée dans l'espace 1957
58%
Assassinat de Martin Luther King 1968
58%
Génocide au Rwanda 1994
58%
Premier homme dans l'espace (Youri Gagarine) 1961
57%
Chute de l'Empire Romain d'Occident 476
57%
Début du règne de Louis XIV 1643
56%
Première Coupe du Monde de football en Uruguay 1930
56%
Chute de Constantinople 1453
54%
Fin de la Guerre d'Indochine 1954
54%
"I have a dream" est prononcé par Martin Luther King 1963
53%
Guerre du Kippour 1973
53%
Nelson Madela est libéré 1990
53%
Premier Jeux Olympiques modernes à Athènes 1896
51%
Fin de la Guerre de Cent Ans 1453
47%
Fin de la Reconquista avec la prise de Grenade 1492
47%
Rosa Parks refuse de laisser sa place à un blanc dans un bus 1955
45%
Le Spoutnik 1 est lancé 1957
45%
Fidel Castro prend le pouvoir à Cuba 1959
45%
Assassinat de Malcolm X 1965
44%
Début de la Guerre Iran-Irak 1980
44%
Mao Zedong fonde la République populaire de Chine 1949
42%
Picasso peint "Guernica" 1937
40%
L'Édit de Nantes est promulgué 1598
39%
Pinochet prend le pouvoir au Chili 1973
39%
Séisme et tsunami dans l'Océan Indien fait 230.000 victimes 2004
39%
Assassinat d'Henry IV 1610
37%
Gandhi est assassiné 1948
37%
Bataille de Trafalgar 1805
36%
Instauration du Pacte de Varsovie 1955
35%
Révolution des Œillets et chute de la dictature salazariste au Portugal 1974
35%
Vente de la Louisiane 1803
34%
Jeanne d'Arc sauve Orléans 1429
33%
Massacre de la Saint-Barthélémy 1572
33%
Bataille de la Bérézina 1812
32%
Exécution de Jeanne d'Arc à Rouen 1431
31%
Massacre de Munich pendant les Jeux Olympiques 1972
31%
Guerre des Malouines entre l'Argentine et le Royaume-Uni 1982
31%
Manifestations réprimées de la place Tian'anmen 1989
31%
Bataille d'Hastings 1066
30%
Début de la Guerre de Cent Ans 1337
30%
Mort de Mahomet 632
30%
Assassinat d'Abraham Lincoln 1865
29%
Grand incendie de Londres 1666
27%
Massacre de Srebrenica 1995
27%
Concile de Clermont et Début de la première Croisade 1095
24%
La Nouvelle-Zélande instaure en premier le suffrage féminin 1893
24%
Bataille de Poitiers 732
23%
Début de la Réforme Protestante 1517
22%
Jacques Cartier découvre le Québec 1534
21%
Excécution d'Anne Boleyn 1536
21%
Éruption du Vésuve détruisant Pompéi 79
21%
L'expédition de Fernand de Magellan revient de son tour du monde 1522
20%
Défenestration de Prague et début de la Guerre de Trente Ans 1618
20%
Construction de la Statue de la Liberté 1886
20%
Annexion de la Corée par le Japon 1910
20%
Premier Jeux Olympiques hivernaux à Chamonix 1924
20%
Révolution belge et indépendance de la Belgique 1830
19%
Ouverture du Canal de Suez 1869
18%
La Restauration Meiji met fins à l'Époque Edo et aux samouraï 1868
16%
Naissance de Charles Quint 1500
15%
Léonard de Vinci comence à peindre la Gioconde 1503
15%
Bataille de Gettysburg 1863
15%
Bataille d'Alésia 52 av. J-C
14%
Garibaldi lance l'Expédition des Milles 1860
13%
Drame du Heysel 1985
13%
Vasco de Gama passe le Cap de Bonne-Espérance 1498
12%
Fin de la Peste Noire en Europe 1351
11%
Gengis Khan est nommé Grand Khan de l'Empire Mongol 1206
10%
Début de la Fronde 1638
9%
Inauguration de Constantinople 330
9%
Inauguration du Colisée 80
9%
Massacre des vêpres siciliennes 1282
8%
Le Sac de Rome met fin à la Renaissance italienne 1527
8%
Un grand séisme détruit Lisbonne 1755
8%
Bataille d'Actium 31 av. J-C
8%
Baptême de Constantin 337
7%
Grand incendie de Rome 64
7%
Prise de Mexico et chute de l'Empire aztèque 1521
6%
Bataille des champs Catalauniques 451
6%
Mariage de Ferdinand d'Aragon et Isabelle de Castille 1469
5%
Ivan IV le Terrible devient le premier tsar de Russie 1547
5%
Oda Nobunaga est contraint au suicide 1582
5%
Explosion du Krakatoa 1883
5%
Début du règne de Clovis 481
5%
Fondation de l'Empire Inca 1438
3%
Conjuration des Pazzi 1478
3%
Copernic dévoile sa thèse de l'héliocentrisme 1543
3%
Le séisme au Shaanxi est le plus meurtrier encore à ce jour 1556
3%
Bataille de Little Big Horn 1876
3%
Séisme de Valdivia, le plus puissant de tout les temps (Richter: 9,5) 1960
3%
Assassinat de Jules César 44 av. J-C
3%
Révolte des paysans en Angleterre 1381
2%
Passage des Alpes par Hannibal 218 av. J-C
2%
Retour de Marco Polo d'Asie 1295
0%
Bataille de Sekigahara et début de l'ère Edo au Japon 1600
0%
Fin de la construction de la Basilique Saint-Pierre 1626
0%
Construction du Taj Mahal 1632
0%
Découverte de l'Antarctique 1819
0%
Séisme de San Francisco 1906
0%
Aucun quiz correspondant
Distribution des résultats
% des personnes avec chaque résultat
Percentile par nombre de réponses
Votre historique - résultats
Vous n’avez pas pris ce quiz